The macro economy today

保存先:
書誌詳細
第一著者:  Schiller, Bradley R
フォーマット: Sách
言語:Undetermined
出版事項:  McGraw-Hill Irwin  2008
主題:
タグ: タグ追加
タグなし, このレコードへの初めてのタグを付けませんか!
Thư viện lưu trữ: Trung tâm Thư viện - Trường Đại học Công nghiệp TP. Hồ Chí Minh
LEADER 00477nam a2200157Ia 4500
001 UIH_05670
008 231011s9999 xx 000 0 und d
082 |a  339 
100 |a  Schiller, Bradley R 
245 0 |a  The macro economy today 
245 0 |c  Schiller, Bradley R 
260 |b  McGraw-Hill Irwin 
260 |c  2008 
650 |a  Kinh tế vĩ mô;  
927 |a Sách 
980 |a Trung tâm Thư viện - Trường Đại học Công nghiệp TP. Hồ Chí Minh